Management accounting A Road of Discovery
Management Accounting: Information for Decision-Making and Strategy Execution explains how business managers can estimate and manage the cost and profitability of their products and customers. This text also covers how managers use financial and nonfinancial information to improve processes, design...
Salvato in:
| Autore principale: | |
|---|---|
| Altri autori: | |
| Lingua: | Undetermined English |
| Pubblicazione: |
United States of America
Thomson South-Western
|
| Soggetti: | |
| Tags: |
Aggiungi Tag
Nessun Tag, puoi essere il primo ad aggiungerne! !
|
| Thư viện lưu trữ: | Trung tâm Học liệu Trường Đại học Trà Vinh |
|---|
| LEADER | 01137nam a2200253Ia 4500 | ||
|---|---|---|---|
| 001 | TVU_15821 | ||
| 008 | 210423s9999 xx 000 0 und d | ||
| 020 | |a 0538873310 | ||
| 020 | |a 9780538873314 | ||
| 041 | |a eng | ||
| 082 | |a 658.1511 | ||
| 082 | |b M157 | ||
| 100 | |a Mackey, James T. | ||
| 245 | 0 | |a Management accounting | |
| 245 | 2 | |b A Road of Discovery | |
| 245 | 0 | |c James T. Mackey, Michael F. Thomas ; prepared by Roderick S. Barclay, Leslie Kren | |
| 260 | |a United States of America | ||
| 260 | |b Thomson South-Western | ||
| 300 | |a 431 p. | ||
| 300 | |c 26 cm | ||
| 520 | |a Management Accounting: Information for Decision-Making and Strategy Execution explains how business managers can estimate and manage the cost and profitability of their products and customers. This text also covers how managers use financial and nonfinancial information to improve processes, design and develop new products, and motivate employee performance | ||
| 650 | |a Managerial accounting | ||
| 700 | |a James T. Mackey; Michael F. Thomas; prepared by Roderick S. Barclay; Leslie Kren | ||
| 980 | |a Trung tâm Học liệu Trường Đại học Trà Vinh | ||


